Prenasledovanie kresťanov a vnútorný život cirkvi do roku 313 - Statistics

General Stats
  • This quiz has been taken 10 times
  • The average score is 21 of 32
Answer Stats
Answer % Correct
apoštol zabitý Nerom ukrižovaním Peter
100%
Rok požiaru v Ríme 64
80%
300-305 Dioklecián
80%
vyháňali zlých duchov exorcisti
80%
161-180 Markus Aurélius
80%
54-68 Nero
80%
apoštol zabitý Nerom sťatím Pavol
80%
I. mesto s pôvodným patriarchátom Rím
80%
pomocníci diakona subdiakoni
80%
Partikulárne prenasledovania kresťanov trvali v rokoch 64-250
60%
pomocníci subdiakona akolyti
60%
III. mesto s pôvodným patriarchátom Alexandria
60%
II. mesto s pôvodným patriarchátom Antiochia
60%
249-251 Décius
60%
81-96 Dominicián
60%
Ktorý cisár vydal tolerančný edikt voči kresťanom v roku 311 Galérius
60%
251-253 Gallus
60%
117-138 Hadrián
60%
Názov tretieho z ediktov, ktoré vydal Dioklecián Krvavý edikt
60%
tí, ktorí čítali Sv. Písmo lektori
60%
Počas panovania Marka Aurélia kresťanská légia vyhrala nad... Markomanmi
60%
Spočiatku označenie pre apoštolov, neskôr všetci mučeníci martyr
60%
235-238 Maximus Trák
60%
Prvotná cirkev je často označovaná ako "cirkev ..."(1 slovo) mučeníkov
60%
strážili vstup do chrámu ostiari
60%
202 Severus Septimus
60%
98-117 Traján
60%
Ten, kto nebol zabitý pre vieru no vyznal ju pri súde no nebol odsúdený na smrť vyznávač
60%
Spočiatku si Rimania mysleli, že kresťanstvo je len... židovskou sektou
60%
138-161 António Pio
40%
trojstupňový cirkevný úrad sa skladal z ... biskupov, presbyterov, diakonov
40%
253-260 Valerián
40%
No matching quizzes found
Score Distribution
Percent of People with Each Score
Percentile by Number Answered
Your Score History
You have not taken this quiz